The terminal man

Đã lưu trong:
書目詳細資料
主要作者: Crichton, Michael
格式: 圖書
語言:Undetermined
出版: New York Knopf, Inc. 1972
主題:
標簽: 添加標簽
沒有標簽, 成為第一個標記此記錄!
Thư viện lưu trữ: Trung tâm Học liệu Trường Đại học Cần Thơ
LEADER 00502nam a2200193Ia 4500
001 CTU_83553
008 210402s9999 xx 000 0 und d
082 |a 813 
082 |b C928 
100 |a Crichton, Michael 
245 4 |a The terminal man 
245 0 |c Michael Crichton 
260 |a New York 
260 |b Knopf, Inc. 
260 |c 1972 
650 |a Paranoia,Psychosurgery 
650 |x Patients,Fiction 
904 |i QHieu(sửa) 
980 |a Trung tâm Học liệu Trường Đại học Cần Thơ